Problémy a výzvy pre trhy práce krajín EÚ

Charakteristika základných trendov na trhoch práce EÚ a výzvy pre rast zamestnanosti a tvorbu pracovných miest.

Na minha lista:
Detalhes bibliográficos
Autor principal: Rievajová, Eva
Formato: Capítulo de Livro
Idioma:eslovaco
Assuntos:
Tags: Adicionar Tag
Sem tags, seja o primeiro a adicionar uma tag!

MARC

LEADER 00000nla a2200000 4500
001 0186621
005 20240502073204.1
041 0 |a slo 
044 |a SK 
245 1 0 |a Problémy a výzvy pre trhy práce krajín EÚ  |c Eva Rievajová 
520 |a Charakteristika základných trendov na trhoch práce EÚ a výzvy pre rast zamestnanosti a tvorbu pracovných miest. 
610 2 0 |a Európska únia 
610 2 0 |a trh práce 
610 2 0 |a nezamestnanosť 
610 2 0 |a nezamestnanosť dlhodobá 
100 1 |a Rievajová, Eva